000 00275nam a2200109Ia 4500
008 230907s9999||||xx |||||||||||||| ||und||
082 _a530.141
_bHAY
245 0 _aEngineering electromagnetics /
260 _aMcGraw-Hill,
_bNew York :
_c2019
300 _a594 p.
942 _cBK
999 _c600955
_d600955